LEADER 04560nam 22008775 450 001 9910984580703321 005 20260318121317.0 010 $a9783031803048$b(electronic bk.) 010 $z9783031803031 024 7 $a10.1007/978-3-031-80304-8 035 $a(MiAaPQ)EBC31927740 035 $a(Au-PeEL)EBL31927740 035 $a(CKB)37736047000041 035 $a(DE-He213)978-3-031-80304-8 035 $a(OCoLC)1505732086 035 $a(EXLCZ)9937736047000041 100 $a20250301d2025 u| 0 101 0 $aeng 135 $aurcnu|||||||| 181 $ctxt$2rdacontent 182 $cc$2rdamedia 183 $acr$2rdacarrier 200 10$aGlobalisation, Human Rights and Education /$fedited by Joseph Zajda, Yvonne Vissing 205 $a1st ed. 2025. 210 1$aCham :$cSpringer Nature Switzerland :$cImprint: Springer,$d2025. 215 $a1 online resource (298 pages) 225 1 $aGlobalisation, Comparative Education and Policy Research,$x2543-0572 ;$v51 311 08$aPrint version: Zajda, Joseph Globalisation, Human Rights and Education Cham : Springer,c2025 9783031803031 327 $a1 Globalisation, human rights and education -- 2 Building HRE into the world as it could be in higher and secondary education -- 3 Human Rights Education NOW! Podcast Case Study: Illuminating HRE through the Lived Experience of Scholar Practitioners -- 4 The attack of diversity, equity and inclusion (DEI) as an attack on human rights education -- 5 Human rights and sport participation in the swimming programs in New York City -- 6 The right to education in South Africa: A critical decolonial reading in place-space-time -- 7 Education for Development and Human Rights: The contribution of educational projects in Portuguese schools -- 8 Human rights education and popular democracy: Making the challenge -- 9 Beyond Borders: Navigating Social Integration and Community Support for Refugees in Australia and Italy -- 10 The protection of economic, social and cultural rights in armed conflicts: The right to education between myths and realities -- 11 Research trends in globalisation, human rights and education. 330 $aThis book analyses major discourses of human rights and education. It examines critically major issues confronting human rights and education, both locally and globally. The various chapters analyze the challenges that different societies are faced with, as they attempt to implement, protect and defend democracy, cultural diversity and human rights in schools. The book helps readers to explore their own views and consider more broadly what may be in the best interests of a fair and just society, as envisioned in human rights treaties, human rights education in schools, and cultural diversity. 410 0$aGlobalisation, Comparative Education and Policy Research,$x2543-0572 ;$v51 606 $aInternational education 606 $aComparative education 606 $aEducation and state 606 $aEducational sociology 606 $aSocial justice 606 $aSchool management and organization 606 $aSchool management and organization 606 $aInternational and Comparative Education 606 $aEducational Policy and Politics 606 $aSociology of Education 606 $aSocial Justice 606 $aEducation Policy 606 $aOrganization and Leadership 606 $aDrets humans$2thub 606 $aJustícia social$2thub 606 $aGlobalització$2thub 606 $aPolítica educativa$2thub 608 $aLlibres electrònics$2thub 615 0$aInternational education. 615 0$aComparative education. 615 0$aEducation and state. 615 0$aEducational sociology. 615 0$aSocial justice. 615 0$aSchool management and organization. 615 0$aSchool management and organization. 615 14$aInternational and Comparative Education. 615 24$aEducational Policy and Politics. 615 24$aSociology of Education. 615 24$aSocial Justice. 615 24$aEducation Policy. 615 24$aOrganization and Leadership. 615 7$aDrets humans 615 7$aJustícia social 615 7$aGlobalització 615 7$aPolítica educativa 676 $a370.116 676 $a370.9 700 $aZajda$b Joseph$0847848 701 $aVissing$b Yvonne$0849272 801 0$bMiAaPQ 801 1$bMiAaPQ 801 2$bMiAaPQ 912 $a9910984580703321 996 $aGlobalisation, Human Rights and Education$94326119 997 $aUNINA